CLINICAL REASONING IN THE HEALTH PROFESSIONS (Record no. 23449)

MARC details
000 -LEADER
fixed length control field 00422nam a22001697a 4500
003 - CONTROL NUMBER IDENTIFIER
control field SGT
020 ## - INTERNATIONAL STANDARD BOOK NUMBER
International Standard Book Number 9780702062247
082 ## - DEWEY DECIMAL CLASSIFICATION NUMBER
Classification number 615.8
Item number C19H
100 ## - MAIN ENTRY--PERSONAL NAME
Personal name HIGGS, JOY
245 ## - TITLE STATEMENT
Title CLINICAL REASONING IN THE HEALTH PROFESSIONS
250 ## - EDITION STATEMENT
Edition statement 4TH
260 ## - PUBLICATION, DISTRIBUTION, ETC. (IMPRINT)
Place of publication, distribution, etc EDINBURGH
Name of publisher, distributor, etc ELSEVIER PUB
Year of Publication 2019
300 ## - PAGE DESCRIPTION
No. of Pages 511
650 ## - SUBJECT ADDED ENTRY--TOPICAL TERM
Topical term or geographic name as entry element PHYSIOTHERAPY
653 ## - KEYWORDS--INDEX TERM
Keyword term CLINICAL REASONING IN THE HEALTH PROFESSIONS
942 ## - ADDED ENTRY ELEMENTS (KOHA)
Source of classification or shelving scheme Dewey Decimal Classification
Koha item type Books
Holdings
Withdrawn status Lost status Source of classification or shelving scheme Damaged status Not for loan Collection code Home library Current library Shelving location Date acquired Vendor Name Cost, normal purchase price SGTU Bill Number Total Checkouts Full call number Accession No. (Barcode) Date last seen Bill Date Koha item type
    Dewey Decimal Classification   Not For Loan MEDICAL SGT Medical Library SGT Medical Library Reference Book 21/11/2022 ABC DELHI 5325.00 SGTU 15045   615.8 C19H FM13401 21/11/2022 12/09/2022 Books
    Dewey Decimal Classification   Not For Loan MEDICAL SGT Medical Library SGT Medical Library Reference Book 21/11/2022 ABC DELHI 5325.00 SGTU 15045   615.8 C19H FM13402 21/11/2022 12/09/2022 Books